000 01327nam0a22002891 4500
001 rc\3340615
005 20130115151834.1
021 _aRU
_b[70-2341]
035 _a(NLR Aleph) 007517189
090 _a7713860
_c7713860
100 _a20130115d1969 |||y0rusy50 ca
101 0 _arus
102 _aRU
105 _aa z |||||
200 1 _aСостояние и перспективы развития лесосплавных машин
_eОбзор
_fМ-во строит., дор. и коммун. машиностроения. Техн. упр. Центр. науч.-исслед. ин-т информации и техн.-экон. исследований по строит., дор. и коммун. машиностроению
210 _aМосква
_cБ. и.
_d1969
215 _a54 с.
_cил.
_d21
225 1 _aСерия 1. [Строительные и дорожные машины]
300 _aАвт. указаны на обороте тит. л.: инженеры Тирман Ю.И., Березов С.И.
606 _aЛесосплавное оборудование
_2psbo
700 1 _aТирман
_bЮ. И.
_gЮрий Иванович
701 1 _aБерезов
_bС. И.
801 0 _aRU
_bNLR
_gpsbo
801 1 _aRU
_bELAR
_2rusmarc
852 _aNLR
_j69-6/14142
942 _cBOOK
980 _aNB